Normal view
MARC view
Entry Personal Name
001 - CONTROL NUMBER
- control field: 782042
003 - CONTROL NUMBER IDENTIFIER
- control field: OSt
005 - DATE AND TIME OF LATEST TRANSACTION
- control field: 20250508165819.0
008 - FIXED-LENGTH DATA ELEMENTS
- fixed length control field: 250508|| aca||aabn | a|a d
040 ## - CATALOGING SOURCE
- Original cataloging agency: OSt
- Transcribing agency: OSt
100 ## - HEADING--PERSONAL NAME
- Personal name: Yadav K V Ed
670 ## - SOURCE DATA FOUND
- Source citation: Work cat.: (OSt)1397611: Yadav K V Ed., Maulana Abul Kakam Azad: Chuninda lekh aur abhibhashan, 2004
